[Event "Szuperliga - GM Szabo Laszlo csoport"]
[Site "?"]
[Date "2024.11.02"]
[Round "1.1"]
[White "Bacrot, Etienne"]
[Black "Parligras, Mircea-Emilian"]
[Result "1/2-1/2"]
[WhiteElo "2653"]
[BlackElo "2550"]
[PlyCount "62"]
[EventDate "2024.11.02"]
[EventType "team-tourn"]
[EventRounds "9"]
[Source "chess.hu"]
[SourceDate "2024.11.02"]
[WhiteTeam "Sentimento Ajka BSK"]
[BlackTeam "ASE Paks"]
[WhiteTeamCountry "HUN"]
[BlackTeamCountry "HUN"]

1. e4 e5 2. Nf3 Nc6 3. Bb5 Nf6 4. O-O Nxe4 5. d4 Nd6 6. Bxc6 dxc6 7. dxe5 Nf5
8. Qxd8+ Kxd8 9. Nc3 Ke8 10. h3 h5 11. Bf4 Be7 12. Rad1 Nh4 13. Nxh4 Bxh4 14.
Ne2 Be7 15. Nd4 g5 16. Bh2 Rh6 17. Rfe1 Bd8 18. f4 gxf4 19. Bxf4 Rg6 20. Kf2 c5
21. Nb5 Rb6 22. a4 Bd7 23. b3 Bxb5 24. axb5 a6 25. bxa6 Raxa6 26. Rd5 c4 27.
bxc4 Ra4 28. Re4 Rc6 29. Rdd4 Ra2 30. Rd2 Ra4 31. Rdd4 Ra2 1/2-1/2

[Event "Szuperliga - GM Szabo Laszlo csoport"]
[Site "?"]
[Date "2024.11.02"]
[Round "1.3"]
[White "Amin, Bassem"]
[Black "Papp, Gabor"]
[Result "1-0"]
[WhiteElo "2647"]
[BlackElo "2511"]
[PlyCount "101"]
[EventDate "2024.11.02"]
[EventType "team-tourn"]
[EventRounds "9"]
[Source "chess.hu"]
[SourceDate "2024.11.02"]
[WhiteTeam "Sentimento Ajka BSK"]
[BlackTeam "ASE Paks"]
[WhiteTeamCountry "HUN"]
[BlackTeamCountry "HUN"]

1. Nf3 d5 2. g3 c5 3. Bg2 Nc6 4. d4 Nf6 5. O-O cxd4 6. Nxd4 e5 7. Nxc6 bxc6 8.
c4 Be6 9. Nc3 Qd7 10. Qa4 Rc8 11. cxd5 cxd5 12. Qxd7+ Kxd7 13. Rd1 Bc5 14. Na4
h5 15. Bg5 Ng4 16. Nxc5+ Rxc5 17. b4 Rc2 18. Bxd5 Bxd5 19. Rxd5+ Ke6 20. Rd2
Rhc8 21. h3 Rxd2 22. Bxd2 Rc2 23. Be1 Nf6 24. Kf1 Nd5 25. b5 h4 26. gxh4 Nf4
27. e3 Nd3 28. a4 e4 29. a5 g6 30. b6 axb6 31. a6 Rc8 32. Bc3 Ra8 33. Bd4 Nb4
34. Ra4 Nd5 35. a7 Kd6 36. Kg2 Kc6 37. Kg3 Kb7 38. h5 gxh5 39. Kh4 Nc7 40. Kxh5
Ne6 41. Be5 Nc5 42. Ra2 b5 43. h4 b4 44. Bd4 Nd3 45. Kg5 Kc6 46. h5 Kd5 47. h6
b3 48. Ra5+ Kc4 49. h7 b2 50. Bxb2 Nxb2 51. Kf6 1-0

[Event "Szuperliga - GM Szabo Laszlo csoport"]
[Site "?"]
[Date "2024.11.02"]
[Round "1.5"]
[White "Prohaszka, Peter"]
[Black "Acs, Peter"]
[Result "1-0"]
[WhiteElo "2545"]
[BlackElo "2585"]
[PlyCount "55"]
[EventDate "2024.11.02"]
[EventType "team-tourn"]
[EventRounds "9"]
[Source "chess.hu"]
[SourceDate "2024.11.02"]
[WhiteTeam "Sentimento Ajka BSK"]
[BlackTeam "ASE Paks"]
[WhiteTeamCountry "HUN"]
[BlackTeamCountry "HUN"]

1. d4 d5 2. c4 e6 3. Nf3 Nf6 4. g3 dxc4 5. Bg2 a6 6. Ne5 c5 7. Be3 Nd5 8. O-O
Nd7 9. Nxc4 b5 10. dxc5 Nxc5 11. b4 bxc4 12. Bxc5 Bxc5 13. bxc5 O-O 14. Qd4 Bb7
15. Rc1 Rc8 16. Nd2 Qe7 17. Ne4 c3 18. Nd6 e5 19. Nxc8 Rxc8 20. Qd3 Qxc5 21.
Rab1 Nb4 22. Qe3 Qxe3 23. fxe3 Bxg2 24. Kxg2 Nd5 25. e4 Ne3+ 26. Kf3 Nc4 27.
Rxc3 Nd2+ 28. Kg2 1-0

[Event "Szuperliga - GM Szabo Laszlo csoport"]
[Site "?"]
[Date "2024.11.02"]
[Round "1.6"]
[White "Fodor, Tamas Jr"]
[Black "Balog, Imre"]
[Result "1-0"]
[WhiteElo "2518"]
[BlackElo "2618"]
[PlyCount "102"]
[EventDate "2024.11.02"]
[EventType "team-tourn"]
[EventRounds "9"]
[Source "chess.hu"]
[SourceDate "2024.11.02"]
[WhiteTeam "ASE Paks"]
[BlackTeam "Sentimento Ajka BSK"]
[WhiteTeamCountry "HUN"]
[BlackTeamCountry "HUN"]

1. d4 d5 2. c4 c6 3. Nc3 dxc4 4. e3 b5 5. a4 b4 6. Ne4 Qd5 7. Nd2 Ba6 8. Qc2
Nf6 9. Nxc4 e6 10. Nf3 c5 11. Be2 Nc6 12. O-O b3 13. Qd3 cxd4 14. Nxd4 Nxd4 15.
exd4 Rd8 16. Be3 Be7 17. Rfc1 Qb7 18. Qd1 Nd5 19. Na5 Qb6 20. Bxa6 Nxe3 21.
fxe3 Qxa5 22. Bb5+ Kf8 23. Qf3 Bf6 24. Rc3 Kg8 25. Qb7 h5 26. Rf1 h4 27. Qc7
Qxc7 28. Rxc7 a5 29. Bc4 Rh5 30. Rb7 Rc8 31. Bxb3 h3 32. g4 Rg5 33. Rf4 e5 34.
Re4 exd4 35. exd4 Kh7 36. Kf2 Rc1 37. Rf4 Kh6 38. Rb8 Rg6 39. Kg3 Kh7 40. Kxh3
Rh6+ 41. Kg2 Be7 42. Rxf7 Bd6 43. Rbb7 Rxh2+ 44. Kf3 Rf1+ 45. Ke4 Re2+ 46. Kd3
Rxf7 47. Bxf7 Re7 48. Rb6 Bc7 49. Bg6+ Kh6 50. Rc6 Kg5 51. Bf5 Kf4 1-0

[Event "Szuperliga - GM Szabo Laszlo csoport"]
[Site "?"]
[Date "2024.11.02"]
[Round "1.8"]
[White "Krstulovic, Alex"]
[Black "Gaal, Zsoka"]
[Result "1/2-1/2"]
[WhiteElo "2439"]
[BlackElo "2425"]
[PlyCount "81"]
[EventDate "2024.11.02"]
[EventType "team-tourn"]
[EventRounds "9"]
[Source "chess.hu"]
[SourceDate "2024.11.02"]
[WhiteTeam "ASE Paks"]
[BlackTeam "Sentimento Ajka BSK"]
[WhiteTeamCountry "HUN"]
[BlackTeamCountry "HUN"]

1. d4 Nf6 2. Bf4 d5 3. e3 e6 4. Nf3 c5 5. Nbd2 Qb6 6. Rb1 Bd6 7. dxc5 Qxc5 8.
Bd3 O-O 9. O-O b6 10. Bxd6 Qxd6 11. e4 Qe7 12. Re1 dxe4 13. Nxe4 Nbd7 14. Nd6
Nc5 15. Nxc8 Raxc8 16. Bf1 Rfd8 17. Qe2 Nd5 18. g3 a6 19. c3 b5 20. Bg2 Qf6 21.
Rbd1 h6 22. Rd4 Na4 23. Ne5 Qe7 24. Ng6 Qf6 25. Bxd5 Qxg6 26. Rg4 Qf5 27. Bb7
Rb8 28. Be4 Qf6 29. Bb1 Rb6 30. Qe4 g6 31. Qe3 Rbd6 32. Kg2 Nxb2 33. Qxh6 Nd3
34. Bxd3 Rxd3 35. Rf4 Qg7 36. Qg5 R8d7 37. c4 bxc4 38. Rxc4 R3d5 39. Rc8+ Kh7
40. Qh4+ Rh5 41. Qf4 1/2-1/2

[Event "Szuperliga - GM Szabo Laszlo csoport"]
[Site "?"]
[Date "2024.11.02"]
[Round "1.10"]
[White "Lazarne Vajda, Szidonia"]
[Black "Egresi, Mate"]
[Result "1/2-1/2"]
[WhiteElo "2292"]
[BlackElo "2393"]
[PlyCount "64"]
[EventDate "2024.11.02"]
[EventType "team-tourn"]
[EventRounds "9"]
[Source "chess.hu"]
[SourceDate "2024.11.02"]
[WhiteTeam "ASE Paks"]
[BlackTeam "Sentimento Ajka BSK"]
[WhiteTeamCountry "HUN"]
[BlackTeamCountry "HUN"]

1. e4 c6 2. d3 d5 3. Nd2 e5 4. Ngf3 Bd6 5. g3 Nf6 6. Bg2 O-O 7. O-O Re8 8. h3
Nbd7 9. c3 Nf8 10. Re1 Ng6 11. Nf1 a5 12. Qc2 h6 13. Be3 Be6 14. N1d2 Qc7 15.
Kh2 a4 16. d4 dxe4 17. Nxe5 Nxe5 18. dxe5 Bxe5 19. Nxe4 Nxe4 20. Bxe4 Qa5 21.
Bh7+ Kh8 22. Bd3 Rad8 23. a3 Bc7 24. Qe2 h5 25. Bd4 h4 26. Qf3 Qg5 27. Qe3 Qh5
28. Bf1 c5 29. Bxc5 hxg3+ 30. fxg3 Bd5 31. Qf2 Bc6 32. Bd4 Qg5 1/2-1/2

[Event "Szuperliga - GM Szabo Laszlo csoport"]
[Site "?"]
[Date "2024.11.02"]
[Round "1.1"]
[White "Erdos, Viktor"]
[Black "Mihok, Oliver"]
[Result "1/2-1/2"]
[WhiteElo "2533"]
[BlackElo "2522"]
[PlyCount "61"]
[EventDate "2024.11.02"]
[EventType "team-tourn"]
[EventRounds "9"]
[Source "chess.hu"]
[SourceDate "2024.11.02"]
[WhiteTeam "MTK Budapest"]
[BlackTeam "Duocor-Makoi SVSE"]
[WhiteTeamCountry "HUN"]
[BlackTeamCountry "HUN"]

1. e4 c5 2. Nf3 b6 3. d4 cxd4 4. Nxd4 Bb7 5. Nc3 a6 6. Bg5 Qc7 7. Nd5 Qe5 8.
Be3 Bxd5 9. exd5 Qxd5 10. Be2 e5 11. Nf5 Qxd1+ 12. Rxd1 g6 13. Bf3 Nc6 14. Bxc6
dxc6 15. Nd6+ Bxd6 16. Rxd6 Ne7 17. Bxb6 Rb8 18. Ba5 O-O 19. Bc3 f6 20. Ke2 Nd5
21. Rxc6 Nxc3+ 22. Rxc3 Rxb2 23. a3 Rd8 24. Rc7 Rbb8 25. Rd1 Rxd1 26. Kxd1 Rb1+
27. Ke2 Ra1 28. Rc6 Rxa3 29. Rxf6 a5 30. Re6 Rc3 31. Kd2 1/2-1/2

[Event "Szuperliga - GM Szabo Laszlo csoport"]
[Site "?"]
[Date "2024.11.02"]
[Round "1.2"]
[White "Kovacevic, Aleksandar"]
[Black "Sahidi, Samir"]
[Result "1/2-1/2"]
[WhiteElo "2447"]
[BlackElo "2485"]
[PlyCount "176"]
[EventDate "2024.11.02"]
[EventType "team-tourn"]
[EventRounds "9"]
[Source "chess.hu"]
[SourceDate "2024.11.02"]
[WhiteTeam "Duocor-Makoi SVSE"]
[BlackTeam "MTK Budapest"]
[WhiteTeamCountry "HUN"]
[BlackTeamCountry "HUN"]

1. e4 e5 2. Nf3 Nc6 3. Bb5 Nf6 4. O-O Nxe4 5. Re1 Nd6 6. Nxe5 Be7 7. Bf1 Nxe5
8. Rxe5 O-O 9. d4 Bf6 10. Re1 Re8 11. c3 b6 12. Bf4 Rxe1 13. Qxe1 Qe7 14. Qxe7
Bxe7 15. a4 a6 16. Nd2 Bb7 17. a5 b5 18. Nb3 Bd5 19. Nc5 Be6 20. Re1 Bf8 21.
Bd3 c6 22. b3 g6 23. h4 Nf5 24. Nxe6 fxe6 25. h5 b4 26. hxg6 hxg6 27. g4 Nh4
28. Re3 Be7 29. cxb4 g5 30. Bc7 Bxb4 31. Kf1 Be7 32. Rh3 Kg7 33. Ke2 Bf6 34. f4
Ng6 35. fxg5 Bxg5 36. Be5+ Nxe5 37. dxe5 Ra7 38. Bc4 Bd8 39. Bd3 Bxa5 40. Ke3
Rb7 41. g5 Bc3 42. Rh7+ Kg8 43. Bxa6 Ra7 44. Bd3 Bxe5 45. g6 Bg7 46. Rh4 Ra5
47. Ra4 Re5+ 48. Kf4 Rd5 49. Ra8+ Bf8 50. Be4 Rd1 51. Rd8 Kg7 52. Ke3 Be7 53.
Rc8 Re1+ 54. Kf4 Kf6 55. Bd3 Bd6+ 56. Kf3 Bc5 57. Be2 Rg1 58. Bd3 Bd6 59. Rd8
Rg3+ 60. Ke2 Ke7 61. Rh8 Bf4 62. Rh7+ Kd6 63. Rf7 Be5 64. Rh7 Bd4 65. Rf7 Rg2+
66. Kf1 Rg3 67. Ke2 Kc7 68. Rh7 Kd8 69. Rf7 Kc7 70. Rh7 Kd6 71. Rf7 Rh3 72. Ba6
Rh8 73. Kd2 Rg8 74. Bd3 Rg7 75. Rf4 e5 76. Rf7 Rxf7 77. gxf7 Ke7 78. Bf5 d6 79.
Bd7 c5 80. Be6 Bf2 81. Kd3 Bh4 82. Ke4 Bg5 83. Bd5 Bh6 84. Kf5 Bf8 85. Kg6 Kd7
86. Kf6 Kc7 87. Ke6 Kd8 88. Be4 Kc7 1/2-1/2

[Event "Szuperliga - GM Szabo Laszlo csoport"]
[Site "?"]
[Date "2024.11.02"]
[Round "1.3"]
[White "Juhasz, Agoston"]
[Black "Pezelj, Novak"]
[Result "1/2-1/2"]
[WhiteElo "2432"]
[BlackElo "2459"]
[PlyCount "66"]
[EventDate "2024.11.02"]
[EventType "team-tourn"]
[EventRounds "9"]
[Source "chess.hu"]
[SourceDate "2024.11.02"]
[WhiteTeam "MTK Budapest"]
[BlackTeam "Duocor-Makoi SVSE"]
[WhiteTeamCountry "HUN"]
[BlackTeamCountry "HUN"]

1. e4 e6 2. d4 d5 3. Nc3 Nf6 4. Bg5 dxe4 5. Nxe4 Be7 6. Bxf6 gxf6 7. Nf3 f5 8.
Nc3 c5 9. d5 Bf6 10. Bc4 O-O 11. dxe6 Bxe6 12. Bxe6 fxe6 13. Qe2 Qe7 14. O-O-O
Nc6 15. Rhe1 Rfe8 16. g4 fxg4 17. Rg1 Kh8 18. Rxg4 Bxc3 19. bxc3 Rg8 20. Re4
Rg6 21. h4 Qf6 22. Kb2 Rf8 23. Ng5 e5 24. f4 exf4 25. Rd7 Rg7 26. Rd3 Re7 27.
Rxe7 Qxe7 28. Qh5 Ne5 29. Rd5 Nc4+ 30. Kb3 Na5+ 31. Kb2 Nc4+ 32. Kb3 Na5+ 33.
Kb2 Nc4+ 1/2-1/2

[Event "Szuperliga - GM Szabo Laszlo csoport"]
[Site "?"]
[Date "2024.11.02"]
[Round "1.4"]
[White "Hujbert, Florian"]
[Black "Pribelszky, Bence"]
[Result "0-1"]
[WhiteElo "2423"]
[BlackElo "2395"]
[PlyCount "68"]
[EventDate "2024.11.02"]
[EventType "team-tourn"]
[EventRounds "9"]
[Source "chess.hu"]
[SourceDate "2024.11.02"]
[WhiteTeam "Duocor-Makoi SVSE"]
[BlackTeam "MTK Budapest"]
[WhiteTeamCountry "HUN"]
[BlackTeamCountry "HUN"]

1. Nf3 Nf6 2. g3 b6 3. Bg2 Bb7 4. O-O e6 5. c4 Be7 6. Nc3 O-O 7. Re1 Ne4 8. d3
Nxc3 9. bxc3 f5 10. a4 a5 11. e4 fxe4 12. dxe4 Na6 13. e5 Nc5 14. Nd4 Bxg2 15.
Kxg2 Qc8 16. Ra2 d6 17. exd6 Bxd6 18. Nxe6 Nxe6 19. Qd5 Rf6 20. Rae2 Kf7 21.
Rxe6 Rxe6 22. Rxe6 Qxe6 23. Qf3+ Bf4 24. Bxf4 Rc8 25. Be5+ Kg8 26. Qd5 Qxd5+
27. cxd5 c6 28. d6 Rd8 29. Kf3 Kf7 30. Ke4 Ke6 31. Bxg7 Rxd6 32. Bd4 c5 33. Be3
Rd1 34. f4 Ra1 0-1

[Event "Szuperliga - GM Szabo Laszlo csoport"]
[Site "?"]
[Date "2024.11.02"]
[Round "1.1"]
[White "Kozul, Zdenko"]
[Black "Perunovic, Milos"]
[Result "1-0"]
[WhiteElo "2511"]
[BlackElo "2508"]
[PlyCount "67"]
[EventDate "2024.11.02"]
[EventType "team-tourn"]
[EventRounds "9"]
[Source "chess.hu"]
[SourceDate "2024.11.02"]
[WhiteTeam "Haladas VSE"]
[BlackTeam "Maroczy SE"]
[WhiteTeamCountry "HUN"]
[BlackTeamCountry "HUN"]

1. d4 Nf6 2. Nf3 e6 3. c4 c5 4. d5 d6 5. Nc3 exd5 6. cxd5 g6 7. e4 a6 8. a4 Bg4
9. Be2 Bxf3 10. Bxf3 Nbd7 11. O-O Bg7 12. Bf4 Qe7 13. Re1 O-O 14. a5 h5 15. Na4
Nh7 16. Bd2 Ng5 17. g3 Nxf3+ 18. Qxf3 Rae8 19. Qb3 Ne5 20. Nb6 f5 21. f4 c4 22.
Nxc4 Nxc4 23. Qxc4 fxe4 24. Re2 Rf5 25. Be3 Qd7 26. Rae1 h4 27. g4 Rxf4 28.
Bxf4 Qxg4+ 29. Rg2 Qxf4 30. Rxg6 Re5 31. Rg2 Kh7 32. b4 Rf5 33. Rxe4 Bd4+ 34.
Rxd4 1-0

[Event "Szuperliga - GM Szabo Laszlo csoport"]
[Site "?"]
[Date "2024.11.02"]
[Round "1.2"]
[White "Stankovic, Milos"]
[Black "Hera, Imre Jr"]
[Result "0-1"]
[WhiteElo "2471"]
[BlackElo "2522"]
[PlyCount "100"]
[EventDate "2024.11.02"]
[EventType "team-tourn"]
[EventRounds "9"]
[Source "chess.hu"]
[SourceDate "2024.11.02"]
[WhiteTeam "Maroczy SE"]
[BlackTeam "Haladas VSE"]
[WhiteTeamCountry "HUN"]
[BlackTeamCountry "HUN"]

1. e4 c5 2. c3 Nf6 3. e5 Nd5 4. Nf3 e6 5. d4 cxd4 6. cxd4 d6 7. Bc4 Be7 8. O-O
O-O 9. Qe2 Nc6 10. Rd1 Na5 11. Bd3 Nb4 12. Nc3 Nxd3 13. Rxd3 d5 14. Ne1 f6 15.
Rh3 Rf7 16. Nd3 Nc6 17. Be3 Bd7 18. Rd1 Rc8 19. exf6 Bxf6 20. Ne5 Nxe5 21. dxe5
Be7 22. Qd3 g6 23. Ne2 Qc7 24. Bd4 Qc2 25. Nc3 Qxd3 26. Rhxd3 b5 27. Re3 Rff8
28. Bxa7 b4 29. Ne2 Rc2 30. a3 Ra8 31. Bd4 bxa3 32. bxa3 Rxa3 33. Rxa3 Bxa3 34.
Nf4 Rc4 35. g3 Kf7 36. Rd3 Be7 37. h4 Bb5 38. Rf3 Ke8 39. Rb3 Ba4 40. Rd3 Kd7
41. Ne2 Bb4 42. Be3 Bc2 43. Rd4 Be4 44. Rxc4 dxc4 45. Bd4 Kc6 46. Nc3 Bd3 47.
h5 Bc5 48. hxg6 hxg6 49. Bxc5 Kxc5 50. f4 Kb4 0-1

[Event "Szuperliga - GM Szabo Laszlo csoport"]
[Site "?"]
[Date "2024.11.02"]
[Round "1.3"]
[White "Ruck, Robert"]
[Black "Palkovi, Jozsef"]
[Result "1-0"]
[WhiteElo "2516"]
[BlackElo "2376"]
[PlyCount "81"]
[EventDate "2024.11.02"]
[EventType "team-tourn"]
[EventRounds "9"]
[Source "chess.hu"]
[SourceDate "2024.11.02"]
[WhiteTeam "Haladas VSE"]
[BlackTeam "Maroczy SE"]
[WhiteTeamCountry "HUN"]
[BlackTeamCountry "HUN"]

1. Nf3 Nf6 2. c4 c5 3. Nc3 Nc6 4. g3 d5 5. d4 e6 6. cxd5 Nxd5 7. Bg2 Nxc3 8.
bxc3 cxd4 9. cxd4 Be7 10. O-O O-O 11. Rb1 Qa5 12. Qb3 Rd8 13. e3 Rb8 14. Rd1
Bf6 15. Bd2 Qh5 16. Rdc1 Bd7 17. Bc3 Na5 18. Qb4 Nc6 19. Qb3 Na5 20. Qb4 Nc6
21. Qb2 b5 22. Bb4 e5 23. Bd6 exd4 24. Bxb8 dxe3 25. Qxb5 exf2+ 26. Kxf2 Ne5
27. Qe2 Nxf3 28. Bxa7 Bg4 29. h3 Ne5 30. hxg4 Nxg4+ 31. Kg1 Qh2+ 32. Kf1 Qxg3
33. Rd1 Qf4+ 34. Bf3 Rxd1+ 35. Rxd1 g6 36. Qe4 Nh2+ 37. Kg2 Qc7 38. Bg1 Nxf3
39. Qxf3 Qc2+ 40. Kh1 Kg7 41. Rf1 1-0

[Event "Szuperliga - GM Szabo Laszlo csoport"]
[Site "?"]
[Date "2024.11.02"]
[Round "1.4"]
[White "Peczely, Sebastian Zsombor"]
[Black "Jankovic, Alojzije"]
[Result "0-1"]
[WhiteElo "2306"]
[BlackElo "2554"]
[PlyCount "90"]
[EventDate "2024.11.02"]
[EventType "team-tourn"]
[EventRounds "9"]
[Source "chess.hu"]
[SourceDate "2024.11.02"]
[WhiteTeam "Maroczy SE"]
[BlackTeam "Haladas VSE"]
[WhiteTeamCountry "HUN"]
[BlackTeamCountry "HUN"]

1. e4 c5 2. Nf3 e6 3. d4 cxd4 4. Nxd4 Nc6 5. Nc3 Qc7 6. Be3 Nf6 7. Ndb5 Qb8 8.
Qf3 a6 9. Nd4 Bd6 10. Nxc6 bxc6 11. O-O-O Be5 12. Bd4 d5 13. Bxe5 Qxe5 14. exd5
cxd5 15. Bd3 Rb8 16. Rhe1 Qd6 17. g4 Qb4 18. g5 Qxb2+ 19. Kd2 Ne4+ 20. Nxe4
Qb4+ 21. Ke2 dxe4 22. Qxe4 Qxe4+ 23. Bxe4 h6 24. g6 f6 25. Rb1 Rxb1 26. Rxb1
Kd7 27. Rb8 Kc7 28. Ra8 f5 29. Bf3 Kb6 30. Ke3 e5 31. Bd5 Rd8 32. Be6 Kb7 33.
Rxc8 Rxc8 34. Bxc8+ Kxc8 35. Kd3 Kc7 36. f4 e4+ 37. Kd4 Kb6 38. h4 h5 39. c4
Kc6 40. a3 a5 41. a4 Kd6 42. c5+ Kc6 43. Kc4 e3 44. Kd3 Kxc5 45. Kxe3 Kc4 0-1

[Event "Szuperliga - GM Szabo Laszlo csoport"]
[Site "?"]
[Date "2024.11.02"]
[Round "1.1"]
[White "Gledura, Benjamin"]
[Black "Horvath, Jozsef"]
[Result "1-0"]
[WhiteElo "2652"]
[BlackElo "2393"]
[PlyCount "75"]
[EventDate "2024.11.02"]
[EventType "team-tourn"]
[EventRounds "9"]
[Source "chess.hu"]
[SourceDate "2024.11.02"]
[WhiteTeam "Tuxera ANSK"]
[BlackTeam "Kekesi SE"]
[WhiteTeamCountry "HUN"]
[BlackTeamCountry "HUN"]

1. d4 Nf6 2. c4 e6 3. Nc3 d5 4. cxd5 Nxd5 5. e4 Nxc3 6. bxc3 c5 7. Rb1 Be7 8.
Nf3 O-O 9. h4 Nd7 10. e5 Qc7 11. Bd3 cxd4 12. cxd4 Rd8 13. Be3 Nf8 14. h5 Bd7
15. h6 g6 16. O-O Bc6 17. Nd2 Nd7 18. Qe2 Nb6 19. Rfc1 Rac8 20. Ne4 Nd5 21. Bd2
Nb6 22. Qg4 Qd7 23. Bg5 Bxe4 24. Bxe4 Rxc1+ 25. Rxc1 Kf8 26. Bf3 Rc8 27. Bxe7+
Kxe7 28. Rb1 Ke8 29. Qf4 Qe7 30. a4 Rc7 31. a5 Nc8 32. d5 exd5 33. Bxd5 Qc5 34.
e6 Nd6 35. exf7+ Nxf7 36. Re1+ Kf8 37. Bxf7 Rxf7 38. Qb8+ 1-0

[Event "Szuperliga - GM Szabo Laszlo csoport"]
[Site "?"]
[Date "2024.11.02"]
[Round "1.4"]
[White "Bakos, Balazs"]
[Black "Antal, Gergely"]
[Result "1/2-1/2"]
[WhiteElo "2380"]
[BlackElo "2543"]
[PlyCount "71"]
[EventDate "2024.11.02"]
[EventType "team-tourn"]
[EventRounds "9"]
[Source "chess.hu"]
[SourceDate "2024.11.02"]
[WhiteTeam "Kekesi SE"]
[BlackTeam "Tuxera ANSK"]
[WhiteTeamCountry "HUN"]
[BlackTeamCountry "HUN"]

1. d4 Nf6 2. c4 g6 3. Nc3 d5 4. Bd2 Bg7 5. cxd5 Nxd5 6. e4 Nxc3 7. Bxc3 O-O 8.
Qd2 c5 9. d5 e6 10. Bxg7 Kxg7 11. Bc4 Nd7 12. Ne2 Nf6 13. Nc3 exd5 14. Bxd5 Be6
15. Bxe6 Qxd2+ 16. Kxd2 fxe6 17. f3 Nd7 18. Ke2 Ne5 19. Rad1 Rad8 20. Rxd8 Rxd8
21. Rd1 Rxd1 22. Nxd1 g5 23. Nc3 Kf6 24. Nb5 Nc6 25. Ke3 a6 26. Nd6 b5 27. g3
Ke7 28. Nb7 c4 29. f4 gxf4+ 30. gxf4 Nb4 31. a3 Nc2+ 32. Kd2 Nd4 33. Ke3 Nc2+
34. Kd2 Nd4 35. Ke3 Nc2+ 36. Kd2 1/2-1/2

[Event "Szuperliga - GM Szabo Laszlo csoport"]
[Site "?"]
[Date "2024.11.02"]
[Round "1.5"]
[White "Markus, Robert"]
[Black "Istvanovszki, Martin"]
[Result "1-0"]
[WhiteElo "2592"]
[BlackElo "2310"]
[PlyCount "55"]
[EventDate "2024.11.02"]
[EventType "team-tourn"]
[EventRounds "9"]
[Source "chess.hu"]
[SourceDate "2024.11.02"]
[WhiteTeam "Tuxera ANSK"]
[BlackTeam "Kekesi SE"]
[WhiteTeamCountry "HUN"]
[BlackTeamCountry "HUN"]

1. c4 g6 2. Nc3 Bg7 3. g3 c5 4. Bg2 Nc6 5. d3 d6 6. Qd2 e5 7. b3 Nge7 8. Bb2
O-O 9. e3 Be6 10. Nd5 Rb8 11. Ne2 b5 12. O-O Qd7 13. Rae1 Bh3 14. Bxh3 Qxh3 15.
f4 Nxd5 16. cxd5 Ne7 17. e4 f6 18. b4 c4 19. dxc4 bxc4 20. Qc3 Rbc8 21. fxe5 f5
22. Nf4 Qh6 23. Qa3 fxe4 24. exd6 c3 25. dxe7 Bd4+ 26. Kh1 Rxf4 27. Rxf4 cxb2
28. Qa4 1-0

[Event "Szuperliga - GM Szabo Laszlo csoport"]
[Site "?"]
[Date "2024.11.02"]
[Round "1.6"]
[White "Petrisor, Adrian-Marian"]
[Black "Horvath, Dominik"]
[Result "0-1"]
[WhiteElo "2387"]
[BlackElo "2541"]
[PlyCount "84"]
[EventDate "2024.11.02"]
[EventType "team-tourn"]
[EventRounds "9"]
[Source "chess.hu"]
[SourceDate "2024.11.02"]
[WhiteTeam "Kekesi SE"]
[BlackTeam "Tuxera ANSK"]
[WhiteTeamCountry "HUN"]
[BlackTeamCountry "HUN"]

1. e4 c6 2. d4 d5 3. e5 Bf5 4. h4 h6 5. g4 Be4 6. f3 Bh7 7. e6 Nf6 8. Bd3 Bxd3
9. Qxd3 Qd6 10. exf7+ Kxf7 11. Ne2 Nbd7 12. Bf4 e5 13. dxe5 Nxe5 14. Qc3 Re8
15. Nd2 Nd3+ 16. Qxd3 Qxf4 17. O-O-O Qe3 18. Qxe3 Rxe3 19. Nd4 g6 20. Rde1
Rxe1+ 21. Rxe1 Bd6 22. Kd1 Bg3 23. Rh1 Re8 24. N2b3 Bc7 25. a4 h5 26. g5 Nd7
27. Re1 Rxe1+ 28. Kxe1 Bg3+ 29. Ke2 c5 30. Nb5 a6 31. Nc3 Ke6 32. Na5 b6 33.
Nc6 Bxh4 34. f4 d4 35. Nd1 Kd6 36. Nd8 c4 37. Kf3 Be1 38. Nf7+ Ke6 39. Nd8+ Kd5
40. c3 dxc3 41. bxc3 Bd2 42. Nf7 b5 0-1

[Event "Szuperliga - GM Szabo Laszlo csoport"]
[Site "?"]
[Date "2024.11.02"]
[Round "1.7"]
[White "Medvegy, Zoltan"]
[Black "Blasko, Istvan"]
[Result "1-0"]
[WhiteElo "2514"]
[BlackElo "2259"]
[PlyCount "92"]
[EventDate "2024.11.02"]
[EventType "team-tourn"]
[EventRounds "9"]
[Source "chess.hu"]
[SourceDate "2024.11.02"]
[WhiteTeam "Tuxera ANSK"]
[BlackTeam "Kekesi SE"]
[WhiteTeamCountry "HUN"]
[BlackTeamCountry "HUN"]

1. e4 e6 2. d4 d5 3. Nc3 dxe4 4. Nxe4 Nd7 5. Nf3 Be7 6. Bd3 Ngf6 7. Nxf6+ Bxf6
8. O-O c5 9. c3 O-O 10. Bf4 cxd4 11. cxd4 Nb6 12. Be4 Nd5 13. Be5 Be7 14. Qc2
f5 15. Bxd5 Qxd5 16. Ne1 Bd7 17. Nd3 Rac8 18. Qd2 Bc6 19. f3 Qd7 20. Rfe1 Bb5
21. Nf4 Bg5 22. Qf2 Bxf4 23. Bxf4 Bc4 24. d5 Bxd5 25. Qxa7 Rc2 26. Rac1 Rfc8
27. Rxc2 Rxc2 28. Rc1 Rxc1+ 29. Bxc1 Qc7 30. Bd2 Qd7 31. Bc3 Bc6 32. Qb8+ Qe8
33. Qe5 Qd7 34. Kf2 h6 35. b3 b5 36. Ke3 Bd5 37. Bd4 Kh7 38. Kd2 g5 39. Qh8+
Kg6 40. Qf6+ Kh7 41. g4 fxg4 42. fxg4 e5 43. Qxe5 Qf7 44. Kc3 Bf3 45. h3 Bg2
46. Qxb5 Qe8 1-0

[Event "Szuperliga - GM Szabo Laszlo csoport"]
[Site "?"]
[Date "2024.11.02"]
[Round "1.8"]
[White "Ivan-Gal, Hanna Krisztina"]
[Black "Aczel, Gergely"]
[Result "0-1"]
[WhiteElo "2185"]
[BlackElo "2488"]
[PlyCount "98"]
[EventDate "2024.11.02"]
[EventType "team-tourn"]
[EventRounds "9"]
[Source "chess.hu"]
[SourceDate "2024.11.02"]
[WhiteTeam "Kekesi SE"]
[BlackTeam "Tuxera ANSK"]
[WhiteTeamCountry "HUN"]
[BlackTeamCountry "HUN"]

1. e4 c6 2. d4 d5 3. Nc3 dxe4 4. Nxe4 Nf6 5. Nxf6+ exf6 6. c3 Bd6 7. Bd3 O-O 8.
Ne2 Re8 9. O-O Nd7 10. Bf4 Nf8 11. Bxd6 Qxd6 12. Ng3 g6 13. Ne4 Qd8 14. Re1 Kg7
15. Qf3 b6 16. Qg3 Bf5 17. Nd2 Be6 18. h4 h5 19. b3 Qd7 20. Rad1 Bg4 21. f3 Be6
22. Ne4 Rad8 23. Bc2 Bf5 24. c4 Bxe4 25. fxe4 Qe7 26. d5 Nd7 27. dxc6 Ne5 28.
Rxd8 Rxd8 29. Rd1 Rc8 30. Rd5 Rxc6 31. Bd1 Re6 32. Bf3 Qa3 33. Qf2 Qc1+ 34. Qf1
Qf4 35. Qf2 Qc1+ 36. Qf1 Qc3 37. Rd1 Qc2 38. Qe2 Nxf3+ 39. Qxf3 Qxa2 40. Qd3
Qb2 41. Rd2 Qe5 42. b4 Qxe4 43. Qxe4 Rxe4 44. Rc2 Rxh4 45. c5 bxc5 46. bxc5 Rd4
47. c6 Rd8 48. Ra2 Rc8 49. Rxa7 Rxc6 0-1

[Event "Szuperliga - GM Szabo Laszlo csoport"]
[Site "?"]
[Date "2024.11.02"]
[Round "1.3"]
[White "Bokros, Albert"]
[Black "Nenezic, Marko"]
[Result "0-1"]
[WhiteElo "2396"]
[BlackElo "2497"]
[PlyCount "94"]
[EventDate "2024.11.02"]
[EventType "team-tourn"]
[EventRounds "9"]
[Source "chess.hu"]
[SourceDate "2024.11.02"]
[WhiteTeam "Viadukt Biatorbagy"]
[BlackTeam "Aquarena Kobanya SC"]
[WhiteTeamCountry "HUN"]
[BlackTeamCountry "HUN"]

1. e4 c5 2. Nf3 Nc6 3. d4 cxd4 4. Nxd4 Nf6 5. Nc3 d6 6. Bg5 Bd7 7. Qd2 Nxd4 8.
Qxd4 Qa5 9. Bd2 e5 10. Qe3 Rc8 11. Bd3 a6 12. O-O Be6 13. Qg3 Qb6 14. a4 h5 15.
a5 Qd8 16. Nd5 h4 17. Qf3 h3 18. g3 Bxd5 19. exd5 g6 20. Bg5 Be7 21. c4 Nd7 22.
Be3 f5 23. Qe2 e4 24. Bc2 Ne5 25. Bb6 Rc7 26. c5 Nf3+ 27. Kh1 dxc5 28. Rad1 O-O
29. Qc4 Bd6 30. Ba4 Rff7 31. Qc1 Kh7 32. Qe3 Qf6 33. Bxc7 Rxc7 34. b3 Qe5 35.
Rc1 Rf7 36. Qc3 Nd4 37. f4 exf3 38. Rce1 Qxd5 39. Qc4 Qxc4 40. bxc4 g5 41. Be8
Rg7 42. g4 fxg4 43. Bh5 g3 44. hxg3 g4 45. Re4 Nf5 46. Rxg4 Rxg4 47. Bxg4 Nxg3+
0-1